[Event "Puchong FF08 IM"]
[Site "Puchong"]
[Date "2017.08.21"]
[Round "10"]
[White "Zakaria, Mohd Fadli"]
[Black "Low, Kai Xiang"]
[Result "1-0"]
[WhiteElo "2024"]
[BlackElo "1068"]
[PlyCount "37"]
[EventDate "2017.08.14"]
[EventType "tourn"]
[EventRounds "10"]
[EventCountry "MAS"]
[SourceTitle "CBM 187 Extra"]
[Source "ChessBase"]
[SourceDate "2018.11.04"]
[SourceVersion "1"]
[SourceVersionDate "2018.11.04"]
[SourceQuality "1"]

1. Nf3 Nc6 2. c4 e5 3. Nc3 Nf6 4. d3 d5 5. cxd5 Nxd5 6. g3 Bg4 7. Bg2 a6 8. 0-0 Qd7 9. Bd2 Nb6 10. Rc1 Bd6 11. a3 a5 12. Ne4 Qe7 13. Be3 Nd7 14. d4 exd4 15. Nxd6+ Qxd6 16. Nxd4 Ndb8 17. Nb5 Qxd1 18. Rfxd1 0-0 19. Nxc7 1-0

[Event "Puchong FF08 IM"]
[Site "Puchong"]
[Date "2017.08.18"]
[Round "5"]
[White "Low, Kai Xiang"]
[Black "Zakaria, Mohd Fadli"]
[Result "0-1"]
[WhiteElo "1068"]
[BlackElo "2024"]
[PlyCount "66"]
[EventDate "2017.08.14"]
[EventType "tourn"]
[EventRounds "10"]
[EventCountry "MAS"]
[SourceTitle "CBM 187 Extra"]
[Source "ChessBase"]
[SourceDate "2018.11.04"]
[SourceVersion "1"]
[SourceVersionDate "2018.11.04"]
[SourceQuality "1"]

1. e4 e6 2. d4 d5 3. exd5 exd5 4. Bd3 Nc6 5. Nf3 Bg4 6. Be3 Bd6 7. Nc3 Nge7 8. h3 Bh5 9. Qe2 Qd7 10. 0-0-0 Nb4 11. g4 Nxd3+ 12. Qxd3 Bg6 13. Qb5 Qxb5 14. Nxb5 Be4 15. Nd2 Bxh1 16. Rxh1 Kd7 17. Re1 Rhe8 18. Kd1 c6 19. Nxd6 Kxd6 20. Bf4+ Kd7 21. Bg3 Ng6 22. Rf1 f6 23. Nb3 b6 24. Kd2 Ne7 25. Nc1 Nc8 26. c3 Nd6 27. f3 Nc4+ 28. Kd3 Nxb2+ 29. Kd2 Nc4+ 30. Kd3 Re3+ 31. Kc2 Rae8 32. Bh4 c5 33. Bg3 Na3+ 0-1

[Event "Singapore op"]
[Site "Singapore"]
[Date "2004.12.14"]
[Round "6"]
[White "Zakaria, Mohd Fadli"]
[Black "Sadorra, Julio Catalino"]
[Result "0-1"]
[WhiteElo "2200"]
[BlackElo "2300"]
[PlyCount "60"]
[EventDate "2004.12.11"]
[EventType "swiss"]
[EventRounds "9"]
[EventCountry "SIN"]
[SourceTitle "CBM 103 Extra"]
[Source "ChessBase"]
[SourceDate "2005.01.01"]
[SourceVersion "1"]
[SourceVersionDate "2005.01.01"]
[SourceQuality "1"]

1. Nf3 d5 2. c4 e6 3. b3 c5 4. g3 Nc6 5. Bb2 Nf6 6. Bg2 Be7 7. 0-0 0-0 8. cxd5 exd5 9. d4 Bg4 10. dxc5 Bxc5 11. Nc3 a6 12. Na4 Ba7 13. Bxf6 Qxf6 14. Rc1 Rad8 15. Nc5 Qe7 16. Nd3 Rfe8 17. h3 Bf5 18. Re1 Qd7 19. Nf4 Bb8 20. Qd2 Bc7 21. Red1 Bxf4 22. Qxf4 Bxh3 23. e3 Bxg2 24. Kxg2 Re4 25. Qg5 Re6 26. Rc5 Rh6 27. Ng1 d4 28. exd4 Nxd4 29. Qe5 Rd6 30. Rdc1 Re6 0-1

[Event "Singapore op"]
[Site "Singapore"]
[Date "2004.12.12"]
[Round "3"]
[White "Wong, Zi Jing"]
[Black "Zakaria, Mohd Fadli"]
[Result "1/2-1/2"]
[WhiteElo "2349"]
[BlackElo "2200"]
[PlyCount "77"]
[EventDate "2004.12.11"]
[EventType "swiss"]
[EventRounds "9"]
[EventCountry "SIN"]
[SourceTitle "CBM 103 Extra"]
[Source "ChessBase"]
[SourceDate "2005.01.01"]
[SourceVersion "1"]
[SourceVersionDate "2005.01.01"]
[SourceQuality "1"]

1. e4 e6 2. d4 d5 3. Nc3 Nf6 4. e5 Nfd7 5. f4 c5 6. Nf3 Nc6 7. Be3 cxd4 8. Nxd4 Nxd4 9. Bxd4 Bc5 10. Bxc5 Nxc5 11. Qd4 b6 12. 0-0-0 0-0 13. g3 f6 14. Bg2 Kh8 15. exf6 Qxf6 16. Rhe1 Qxd4 17. Rxd4 Bd7 18. Rd2 a5 19. Ne2 b5 20. Nd4 g6 21. Rde2 Ra6 22. Re5 Rd6 23. Bh3 Rf6 24. Kd2 Ne4+ 25. Ke3 Rb6 26. b3 b4 27. g4 Rf8 28. f5 exf5 29. gxf5 gxf5 30. Bxf5 Bxf5 31. Nxf5 Nc3 32. Ne7 Rh6 33. Nxd5 Rxh2 34. Nxc3 Rh3+ 35. Kd4 Rxc3 36. Rxa5 Rxc2 37. Re7 Rcf2 38. Ke3 R2f3+ 39. Ke2 1/2-1/2